000
00298nam a22001337a 4500
008
181022b xxu||||| |||| 00| 0 eng d
020
_a
461102001294
041
_a
eng
080
_a
159.9
100
_a
48
101
_a
PSI
245
_a
Fathers, Husbands and Lovers
_c
Katz,S.N
942
_2
udc
_c
BK
999
_c
50425
_d
50425